[Event "UNDER 1800 CHAMPIONSHIP"]
[Site "SchemingMind.com"]
[Date "2008.02.20"]
[Round "-"]
[White "lacus66"]
[Black "marble"]
[Result "1/2-1/2"]
[WhiteCountry "HUN"]
[BlackCountry "ENG"]
[WhiteElo "1652"]
[WhiteRD "68"]
[BlackElo "1629"]
[BlackRD "55"]
[GameID "142768"]

1. d4 Nf6 2. c4 g6 3. Nc3 Bg7 4. Bg5 c5 5. d5 d6 6. e4 h6 7. Bh4 g5 8. Bg3 Qa5 9. Qd2 Nh5 10. Nge2 Nxg3
11. Nxg3 Bxc3 12. Qxc3 Qxc3+ 13. bxc3 Bg4 14. f3 Bd7 15. Bd3 e6 16. Nh5 O-O 17. Nf6+ Kg7 18. Ng4 exd5 19. cxd5 Bxg4 20. fxg4 Nd7
21. O-O Ne5 22. Be2 Ng6 23. g3 a6 24. c4 Rab8 25. a4 Rfe8 26. Bd3 Ne5 27. Be2 b6= 28. h4 f6 29. h5 Re7 30. Rab1 Reb7
31. Rb2 Kf7 32. Rfb1 Ke7 33. a5 Nd7 34. Bd3 Ne5 35. Be2 Nd7 36. Kf2 Kd8 37. Ke3 Kc7 38. Kd3 bxa5 39. Rxb7+ Rxb7 40. Rxb7+ Kxb7
41. Bd1 Nb6 42. Kc3 Ka7=
1/2-1/2

[Event "UNDER 1800 CHAMPIONSHIP"]
[Site "SchemingMind.com"]
[Date "2008.02.20"]
[Round "-"]
[White "mrbiggs"]
[Black "marble"]
[Result "1-0"]
[WhiteCountry "USA"]
[BlackCountry "ENG"]
[WhiteElo "1661"]
[WhiteRD "67"]
[BlackElo "1634"]
[BlackRD "55"]
[GameID "142769"]

1. e4 c5 2. f4 d5 3. exd5 Nf6 4. Nf3 Nxd5 5. d4 Bg4 6. Bb5+ Nd7 7. O-O a6 8. Bc4 N5b6 9. Bxf7+ Kxf7 10. Ng5+ Ke8
11. Qxg4 Nf6 12. Qd1 Qd5 13. dxc5 Qxc5+ 14. Kh1 Qf5 15. Nc3 h6 16. Nh3 Rd8 17. Qe2 e6 18. Be3 Nbd5 19. Rg1 Kf7 20. g4 Qh7
21. g5 hxg5 22. Nxg5+ Kg8 23. Nxh7 Nxh7 24. Nxd5 Rxd5 25. Rad1 Rb5 26. b3 Nf6 27. Rd8 Rbh5 28. Rg2 Ne4 29. Qg4 Nf6 30. Qxe6+ Kh7
31. Qf7 Ne4 32. Rxf8
1-0

[Event "UNDER 1800 CHAMPIONSHIP"]
[Site "SchemingMind.com"]
[Date "2008.02.20"]
[Round "-"]
[White "Talis"]
[Black "marble"]
[Result "1-0"]
[WhiteCountry "LTU"]
[BlackCountry "ENG"]
[WhiteElo "2012"]
[WhiteRD "107"]
[BlackElo "1629"]
[BlackRD "55"]
[GameID "142770"]

1. e4 c5 2. f4 d5 3. exd5 Nf6 4. Bb5+ Bd7 5. Bxd7+ Qxd7 6. c4 e6 7. Qe2 Be7 8. dxe6 Qxe6 9. Qxe6 fxe6 10. Nf3 h6
11. Ne5 O-O 12. Nc3 Bd6 13. O-O Na6 14. Ng6 Rfd8 15. a3 Kh7 16. Nh4 Be7 17. Nf3 Bd6 18. g3 Nc7 19. b3 a6 20. a4 a5
21. Re1 Nce8 22. Rxe6 Nc7 23. Re2 Na6 24. Bb2 Nb4 25. Nb5 Bb8 26. d4 cxd4 27. Nfxd4 Ba7 28. Nxa7 Rxa7 29. Re7 Rg8 30. Nf5 Ra6
31. Rxb7 Nd3 32. Bd4 h5 33. Rd1 Nb4 34. Bc3 Rc6 35. Ne7 Rgc8 36. Nxc8 Rxc8 37. Bxf6 Rg8 38. Rdd7 Kg6 39. Bxg7 Kf5 40. Kg2 Re8
41. Kf3 Nc2 42. Rf7+ Kg6 43. Rf6+
1-0

[Event "UNDER 1800 CHAMPIONSHIP"]
[Site "SchemingMind.com"]
[Date "2008.02.20"]
[Round "-"]
[White "justinina"]
[Black "marble"]
[Result "1-0"]
[WhiteCountry "GER"]
[BlackCountry "ENG"]
[WhiteElo "1724"]
[WhiteRD "98"]
[BlackElo "1634"]
[BlackRD "55"]
[GameID "142771"]

1. e4 c5 2. Nc3 d6 3. f4 g6 4. Nf3 Nf6 5. Bc4 e6 6. d3 Bg7 7. e5 Ng4 8. O-O dxe5 9. fxe5 Nxe5 10. Nxe5 Bxe5
11. Bh6 Qd4+ 12. Kh1 Qh4 13. Bf4 Bxf4 14. Rxf4 Qxf4 15. Ne4 O-O 16. Nxc5 b6 17. Ne4 Rd8 18. Qe2 Bb7 19. Rf1 Qe5 20. Nf6+
1-0

[Event "UNDER 1800 CHAMPIONSHIP"]
[Site "SchemingMind.com"]
[Date "2008.02.20"]
[Round "-"]
[White "dtedesco"]
[Black "marble"]
[Result "0-1"]
[WhiteCountry "CAN"]
[BlackCountry "ENG"]
[WhiteElo "1336"]
[WhiteRD "55"]
[BlackElo "1623"]
[BlackRD "55"]
[GameID "142773"]

1. Nf3 c5 2. e4 g6 3. d4 cxd4 4. Nxd4 Bg7 5. Be3 Nc6 6. Nc3 Nf6 7. Bc4 d6 8. Qd2 O-O 9. O-O-O a6 10. f3 Nxd4
11. Bxd4 b5 12. Bd5 Nxd5 13. Nxd5 e6 14. Ne3 Bh6 15. g3 Bb7 16. c3 e5 17. Ba7 Rxa7 18. Rhe1 Qf6 19. Rf1 Rd8 20. Qf2 Qe6
21. b3 Raa8 22. Kb2 Rac8 23. Ng4 Bg7 24. Qb6 Rd7 25. Qa7 Ra8 26. Qb6 h5 27. Ne3 d5 28. Qc5 Rc8 29. Qb4 Qb6 30. exd5 Qxe3
31. Ka3 Bf8 32. d6 Qb6 33. Rd2 Rxd6 34. Rfd1 Rxd2
0-1

[Event "UNDER 1800 CHAMPIONSHIP"]
[Site "SchemingMind.com"]
[Date "2008.02.21"]
[Round "-"]
[White "mmccaffe"]
[Black "lacus66"]
[Result "1-0"]
[WhiteCountry "USA"]
[BlackCountry "HUN"]
[WhiteElo "1630"]
[WhiteRD "50"]
[BlackElo "1652"]
[BlackRD "68"]
[GameID "142847"]

1. e4 e6 2. d4 d5 3. Nd2 Nf6 4. e5 Nfd7 5. f4 c5 6. c3 c4 7. Ne2 Be7 8. g4 O-O 9. f5 Bh4+ 10. Ng3 exf5
11. gxf5 Qg5 12. Qf3 Nb6 13. Nxc4 Qd8 14. Nd6 Qe7 15. Nxc8 Nxc8 16. Bd3 f6 17. e6 Nd6 18. Bf4 a6 19. O-O-O Nc6 20. Rhg1 Bxg3
21. Rxg3 Ne8 22. Rdg1 a5 23. Bh6 Kh8 24. Qg2 Rg8 25. Bf4 Rd8 26. h4 h6 27. Bxh6 Kh7 28. Bf4 b6 29. h5 Rc8 30. h6 Ra8
31. Rh1 Rh8 32. hxg7+
1-0

[Event "UNDER 1800 CHAMPIONSHIP"]
[Site "SchemingMind.com"]
[Date "2008.02.21"]
[Round "-"]
[White "mmccaffe"]
[Black "marble"]
[Result "0-1"]
[WhiteCountry "USA"]
[BlackCountry "ENG"]
[WhiteElo "1661"]
[WhiteRD "51"]
[BlackElo "1590"]
[BlackRD "56"]
[GameID "142848"]

1. e4 c5 2. Nf3 g6 3. Bc4 Bg7 4. O-O Nc6 5. c3 e6 6. d4 cxd4 7. cxd4 d5 8. exd5 exd5 9. Bb5 Ne7 10. Re1= Bd7
11. Bg5 f6 12. Bh4 O-O 13. Nc3 a6 14. Ba4 b5 15. Bb3 b4 16. Nxd5 Nxd5 17. Bxd5+ Kh8 18. Bxc6 Bxc6 19. Rc1 Bb5 20. d5 g5
21. Bg3 f5 22. Be5 g4 23. Bxg7+ Kxg7 24. Nd4 Qxd5 25. Rc7+ Kg8 26. Qb3 Qxb3 27. Nxb3 Rfd8 28. h3 gxh3 29. gxh3 Rd6 30. Ree7 Rg6+
31. Kh2 Bc6 32. h4 Rd8 33. Rxh7 Rg2+ 34. Kh3 Rd3+
0-1

[Event "UNDER 1800 CHAMPIONSHIP"]
[Site "SchemingMind.com"]
[Date "2008.02.21"]
[Round "-"]
[White "mmccaffe"]
[Black "mrbiggs"]
[Result "1-0"]
[WhiteCountry "USA"]
[BlackCountry "USA"]
[WhiteElo "1630"]
[WhiteRD "50"]
[BlackElo "1652"]
[BlackRD "69"]
[GameID "142849"]

1. e4 e5 2. Nf3 Nf6 3. Nxe5 d6 4. Nf3 Nxe4 5. d4 d5 6. Nbd2 Nf6 7. Bd3 Bd6 8. O-O O-O 9. c4 dxc4 10. Nxc4 Be6
11. Nxd6 Qxd6 12. Bg5 Nd5 13. Qc2= Nc6 14. Bxh7+ Kh8 15. Bf5 Ndb4 16. Qb1 Bxf5 17. Qxf5 Nxd4 18. Qh3+ Kg8 19. Rfd1 Nxf3+ 20. Qxf3 Qg6
21. Bd2 Nc6 22. Bc3 Rad8 23. Rxd8 Rxd8 24. Rd1 Rd6 25. Rxd6 Qxd6 26. h3 b6 27. Qg4 g6 28. Qc8+ Kh7 29. Qh8#
1-0

[Event "UNDER 1800 CHAMPIONSHIP"]
[Site "SchemingMind.com"]
[Date "2008.02.21"]
[Round "-"]
[White "mmccaffe"]
[Black "Talis"]
[Result "0-1"]
[WhiteCountry "USA"]
[BlackCountry "LTU"]
[WhiteElo "1630"]
[WhiteRD "50"]
[BlackElo "2012"]
[BlackRD "107"]
[GameID "142850"]

1. e4 e5 2. Nf3 Nc6 3. Bb5 f5 4. exf5 e4 5. Bxc6 dxc6 6. Ne5 Bxf5 7. d4 exd3 8. Nxd3 Qh4 9. O-O O-O-O 10. Qf3 Nh6
11. Nc3 Bd6 12. Bf4 Bxd3 13. g3 Qh3 14. cxd3 Bxf4
0-1

[Event "UNDER 1800 CHAMPIONSHIP"]
[Site "SchemingMind.com"]
[Date "2008.02.21"]
[Round "-"]
[White "mmccaffe"]
[Black "justinina"]
[Result "1/2-1/2"]
[WhiteCountry "USA"]
[BlackCountry "GER"]
[WhiteElo "1576"]
[WhiteRD "52"]
[BlackElo "1724"]
[BlackRD "98"]
[GameID "142851"]

1. e4 d5 2. exd5 Nf6 3. Nc3 Nxd5 4. Nxd5 Qxd5 5. Qf3 Qxf3 6. Nxf3 Bf5 7. d3 Nc6 8. b3 e5 9. Bb2 e4 10. dxe4 Bxe4
11. O-O-O Rd8 12. Bc4 Bxf3 13. gxf3 Rxd1+ 14. Rxd1 f6 15. Re1+=
1/2-1/2

[Event "UNDER 1800 CHAMPIONSHIP"]
[Site "SchemingMind.com"]
[Date "2008.02.21"]
[Round "-"]
[White "mmccaffe"]
[Black "ScottChess"]
[Result "1-0"]
[WhiteCountry "USA"]
[BlackCountry "USA"]
[WhiteElo "1661"]
[WhiteRD "51"]
[BlackElo "1405"]
[BlackRD "89"]
[GameID "142852"]

1. e4 Nf6 2. e5 Nd5 3. d4 d6 4. Bc4 Nb6 5. Bb3 g6 6. Nf3 Bg7 7. Be3 dxe5 8. dxe5 Qxd1+ 9. Kxd1 O-O 10. Ke2 Nc6
11. Bf4
1-0

[Event "UNDER 1800 CHAMPIONSHIP"]
[Site "SchemingMind.com"]
[Date "2008.02.21"]
[Round "-"]
[White "lacus66"]
[Black "mmccaffe"]
[Result "0-1"]
[WhiteCountry "HUN"]
[BlackCountry "USA"]
[WhiteElo "1652"]
[WhiteRD "68"]
[BlackElo "1630"]
[BlackRD "50"]
[GameID "142854"]

1. d4 Nf6 2. c4 g6 3. Nc3 Bg7 4. e4 d6 5. f3 O-O 6. Be3 Nbd7 7. Bd3 e5 8. d5 a5 9. a4 Nc5 10. Bxc5 dxc5
11. Nge2 c6 12. O-O Nh5 13. Qd2 f5 14. b3 fxe4 15. fxe4 Bd7 16. Rf3 Rxf3 17. gxf3 Nf4 18. Nxf4 exf4 19. Rc1 Qg5+ 20. Qg2 Bd4+
21. Kf1 Bh3
0-1

[Event "UNDER 1800 CHAMPIONSHIP"]
[Site "SchemingMind.com"]
[Date "2008.02.21"]
[Round "-"]
[White "marble"]
[Black "mmccaffe"]
[Result "1/2-1/2"]
[WhiteCountry "ENG"]
[BlackCountry "USA"]
[WhiteElo "1590"]
[WhiteRD "56"]
[BlackElo "1661"]
[BlackRD "51"]
[GameID "142855"]

1. e4 e6 2. d4 d5 3. Nc3 Bb4 4. e5 c5 5. a3 Bxc3+ 6. bxc3 Ne7 7. Nf3 Nbc6 8. Be2 Qa5 9. Bd2 Qa4 10. Qb1 cxd4
11. Bb5 Qa5 12. c4 Qc7 13. cxd5 Nxd5 14. Nxd4 Bd7 15. Nxc6 Bxc6 16. Bxc6+ Qxc6 17. O-O O-O 18. Qb3 Rfc8 19. Rac1 Nc3 20. Bxc3 Qxc3
21. Qa2 Qxe5 22. Rfe1 Qa5 23. Qb2 Qb6 24. Qe5 Qc5 25. Qg3 Rd8 26. Re5 Rd5 27. Re3 Rad8 28. Qf3 Qd6 29. h3 h6 30. Ree1 Qd7
31. Rb1 b6 32. c4 Rd3 33. Qh5 Rc8 34. Rbc1 Rd4 35. Rcd1 Rcxc4 36. Qf3 Rc8 37. Rb1 Rd8=
1/2-1/2

[Event "UNDER 1800 CHAMPIONSHIP"]
[Site "SchemingMind.com"]
[Date "2008.02.21"]
[Round "-"]
[White "mrbiggs"]
[Black "mmccaffe"]
[Result "1-0"]
[WhiteCountry "USA"]
[BlackCountry "USA"]
[WhiteElo "1652"]
[WhiteRD "69"]
[BlackElo "1630"]
[BlackRD "50"]
[GameID "142856"]

1. e4 e5 2. Bc4 Bc5 3. b4 Bxb4 4. c3 Ba5 5. Nf3 Nc6 6. O-O Nf6 7. d4 exd4 8. cxd4 d5 9. exd5 Nxd5 10. Ba3 Be6
11. Qc1 Qd7 12. Ne5 Nxe5 13. dxe5 Nb6 14. Bxe6 fxe6 15. Rd1 Qc6 16. Qg5 Nc8 17. Rd8+
1-0

[Event "UNDER 1800 CHAMPIONSHIP"]
[Site "SchemingMind.com"]
[Date "2008.02.21"]
[Round "-"]
[White "justinina"]
[Black "mmccaffe"]
[Result "1-0"]
[WhiteCountry "GER"]
[BlackCountry "USA"]
[WhiteElo "1765"]
[WhiteRD "95"]
[BlackElo "1630"]
[BlackRD "50"]
[GameID "142858"]

1. e4 e6 2. d4 d5 3. Nc3 Bb4 4. Ne2 dxe4 5. a3 Bxc3+ 6. Nxc3 Nf6 7. Bg5 h6 8. Bxf6 Qxf6 9. Nxe4 Qe7 10. Bd3 b6
11. Qf3 c6 12. O-O Bb7 13. Qg3 Rg8 14. Nd6+ Kf8 15. Nxb7 Qxb7 16. Rfe1 Nd7 17. Qd6+ Ke8 18. Bg6 Nf6 19. Rxe6+
1-0

[Event "UNDER 1800 CHAMPIONSHIP"]
[Site "SchemingMind.com"]
[Date "2008.02.21"]
[Round "-"]
[White "ScottChess"]
[Black "mmccaffe"]
[Result "0-1"]
[WhiteCountry "USA"]
[BlackCountry "USA"]
[WhiteElo "1405"]
[WhiteRD "89"]
[BlackElo "1661"]
[BlackRD "51"]
[GameID "142859"]

1. b4 Nf6 2. Bb2 g6 3. c4 Bg7 4. Qc2 O-O 5. Nf3 d6 6. e4 e5 7. Nc3 a5 8. b5 Nbd7 9. Nd5 Nxd5 10. cxd5 Nc5
0-1

[Event "UNDER 1800 CHAMPIONSHIP"]
[Site "SchemingMind.com"]
[Date "2008.02.21"]
[Round "-"]
[White "dtedesco"]
[Black "mmccaffe"]
[Result "1/2-1/2"]
[WhiteCountry "CAN"]
[BlackCountry "USA"]
[WhiteElo "1460"]
[WhiteRD "54"]
[BlackElo "1614"]
[BlackRD "52"]
[GameID "142860"]

1. e4 e5 2. Nf3 Nc6 3. Bc4 Bc5 4. c3 Nf6 5. d4 exd4 6. Nxd4 d5 7. exd5 Nxd5 8. b4 Bxd4 9. Qh5 O-O 10. a3 Bxc3+
11. Nxc3 Qe7+ 12. Ne2 Nc3 13. Be3 Nxe2 14. Qxe2 Be6 15. Rd1 Rad8 16. Rxd8= Rxd8 17. O-O= Bxc4 18. Qxc4 a6 19. Re1 Qd7 20. h3 h6
21. b5 axb5 22. Qc3 Qd3 23. Qc5 Qd5 24. Qxd5 Rxd5 25. Rb1 Ne7 26. g4 c6 27. f4 f5 28. Rb3 fxg4 29. hxg4 Rd1+ 30. Kf2 Nd5
31. f5 Ra1 32. Bc5 Rc1 33. Bd6 Rc4 34. Kf3 Rc3+ 35. Rxc3 Nxc3 36. Bc5 Kf7 37. Ke3 g6 38. Kd3 Nd5 39. fxg6+ Kxg6 40. Ke4 Nf6+
41. Kf3 h5 42. gxh5+ Nxh5 43. Ke4 Nf6+ 44. Ke5 Nd5 45. Bd6 Kf7 46. Bc5 Kg6 47. Kd6 Nc3 48. Kc7 Na4= 49. Kxb7 Nxc5+ 50. Kxc6 Na4
51. Kxb5 Nb2 52. Kb4 Nd3+ 53. Kc3 Nc5 54. Kb4 Nb7 55. a4 Kf6 56. Kb5 Ke6 57. Kb6 Nc5 58. a5 Kd7 59. Kxc5 Kc7 60. a6 Kb8
61. Kb6 Ka8 62. a7
1/2-1/2

[Event "UNDER 1800 CHAMPIONSHIP"]
[Site "SchemingMind.com"]
[Date "2008.02.21"]
[Round "-"]
[White "s-man"]
[Black "lacus66"]
[Result "0-1"]
[WhiteCountry "CAN"]
[BlackCountry "HUN"]
[WhiteElo "1233"]
[WhiteRD "90"]
[BlackElo "1717"]
[BlackRD "78"]
[GameID "142875"]

1. d4 Nf6 2. e3 g6 3. f4 Bg7 4. Nc3 d5 5. a4 O-O 6. h4 Nc6 7. b3 Nb4 8. Nf3 Bg4 9. e4 Nxe4 10. Nxe4 dxe4
11. c3 Nd5 12. Qd2 exf3 13. gxf3 Bxf3 14. Bg2 Bxg2 15. Qxg2 Nxc3 16. Qd2 Bxd4 17. Bb2 Qd5 18. Rf1 Qe4+ 19. Qe2 Qxe2#
0-1

[Event "UNDER 1800 CHAMPIONSHIP"]
[Site "SchemingMind.com"]
[Date "2008.02.21"]
[Round "-"]
[White "s-man"]
[Black "marble"]
[Result "0-1"]
[WhiteCountry "CAN"]
[BlackCountry "ENG"]
[WhiteElo "1301"]
[WhiteRD "115"]
[BlackElo "1623"]
[BlackRD "55"]
[GameID "142876"]

1. d4 Nf6 2. f4 d5 3. e3 e6 4. h4 h6 5. Be2 Nc6 6. g3 Bd6 7. c3 Ne4 8. Nd2 Nxg3 9. Rh3 Nxe2 10. Qxe2 f6
11. Ngf3 e5 12. fxe5 fxe5 13. dxe5 Bxh3 14. exd6 Qxd6 15. Qb5 Qg3+ 16. Kd1 O-O 17. Qxb7 Ne5 18. Qxc7 Rae8 19. a4 Bf5 20. b3 Qh3
21. Nxe5 Qxe3 22. Ba3 Rxe5 23. Bxf8 Qe1#
0-1

[Event "UNDER 1800 CHAMPIONSHIP"]
[Site "SchemingMind.com"]
[Date "2008.02.21"]
[Round "-"]
[White "s-man"]
[Black "mrbiggs"]
[Result "0-1"]
[WhiteCountry "CAN"]
[BlackCountry "USA"]
[WhiteElo "1233"]
[WhiteRD "90"]
[BlackElo "1661"]
[BlackRD "67"]
[GameID "142877"]

1. d4 d5 2. e3 c5 3. c3 Nc6 4. g4 e5 5. dxc5 Bxc5 6. b4 Be7 7. Bg2 Nf6 8. b5 Na5 9. a3 Bxg4 10. h3 Bxd1
11. Kxd1 Nb3 12. Ra2 Nxc1 13. Kxc1 O-O 14. Rd2 Qa5 15. c4 Bxa3+ 16. Kd1 dxc4 17. Bxb7 Rab8 18. Bc6 Rfd8 19. Rxd8+ Rxd8+ 20. Kc2 Bb4
21. Ne2 Qa2+ 22. Kc1 Qxe2 23. b6 Bd2+ 24. Nxd2 Qxd2+ 25. Kb1 c3 26. bxa7 Qb2#
0-1

[Event "UNDER 1800 CHAMPIONSHIP"]
[Site "SchemingMind.com"]
[Date "2008.02.21"]
[Round "-"]
[White "s-man"]
[Black "mmccaffe"]
[Result "0-1"]
[WhiteCountry "CAN"]
[BlackCountry "USA"]
[WhiteElo "1175"]
[WhiteRD "75"]
[BlackElo "1634"]
[BlackRD "50"]
[GameID "142878"]

1. d4 Nf6 2. Nf3 g6 3. e4 Nxe4 4. Qe2 d5 5. c4 c6 6. c5 Bg4 7. Nc3 f5 8. h3 Bxf3 9. Qxf3 Bg7 10. Nxe4 dxe4
11. Qb3 Qc7 12. Qe6 Qd7 13. Qxd7+ Nxd7 14. Bc4 Nf6 15. O-O Nd5 16. g3 O-O-O 17. g4 e6 18. Bg5 Rd7 19. gxf5 exf5 20. b3 h6
21. Bd2 Rhd8 22. Bxd5 cxd5 23. Ba5 Re8 24. Rfd1 e3 25. Re1 Rde7 26. fxe3 Rxe3 27. Bd2 Rxe1+ 28. Rxe1 Rxe1+ 29. Bxe1 Bxd4+ 30. Kf1 Bxc5
31. b4 Bd6 32. a3 a5 33. Bd2 axb4 34. axb4 g5 35. b5 f4 36. h4 g4 37. Be1 h5 38. b6 f3 39. Kf2 Bc5+ 40. Kg3 Bxb6
41. Kf4 f2 42. Bxf2 Bxf2 43. Kg5 g3 44. Kxh5 g2 45. Kg5 g1=Q+ 46. Kh5 Qd1+
0-1

[Event "UNDER 1800 CHAMPIONSHIP"]
[Site "SchemingMind.com"]
[Date "2008.02.21"]
[Round "-"]
[White "s-man"]
[Black "Talis"]
[Result "0-1"]
[WhiteCountry "CAN"]
[BlackCountry "LTU"]
[WhiteElo "1301"]
[WhiteRD "115"]
[BlackElo "1868"]
[BlackRD "144"]
[GameID "142879"]

1. d4 Nf6 2. e3 g6 3. h4 d6 4. f3 h5 5. e4 Bg7 6. c3 c6 7. e5 dxe5 8. Nd2 exd4 9. cxd4 Qxd4 10. a4 Nd5
0-1

[Event "UNDER 1800 CHAMPIONSHIP"]
[Site "SchemingMind.com"]
[Date "2008.02.21"]
[Round "-"]
[White "s-man"]
[Black "justinina"]
[Result "0-1"]
[WhiteCountry "CAN"]
[BlackCountry "GER"]
[WhiteElo "1301"]
[WhiteRD "115"]
[BlackElo "1769"]
[BlackRD "153"]
[GameID "142880"]

1. d4 f5 2. f4 Nf6 3. Bd2 e6 4. b4 Be7 5. a4 d5 6. b5 Ne4 7. Be3 Bh4+ 8. g3 O-O 9. gxh4 Qxh4+ 10. Bf2 Qxf2#
0-1

[Event "UNDER 1800 CHAMPIONSHIP"]
[Site "SchemingMind.com"]
[Date "2008.02.21"]
[Round "-"]
[White "s-man"]
[Black "ScottChess"]
[Result "0-1"]
[WhiteCountry "CAN"]
[BlackCountry "USA"]
[WhiteElo "1233"]
[WhiteRD "90"]
[BlackElo "1576"]
[BlackRD "112"]
[GameID "142881"]

1. d4 f5 2. g3 Nf6 3. b3 d5 4. Bg5 e6 5. Qd3 h6 6. Bf4 Bd6 7. Nc3 Bxf4 8. gxf4 a6 9. O-O-O O-O 10. Nh3 Nc6
11. b4 Nxb4 12. Qe3 Ne4 13. Nxe4 fxe4 14. Qa3 Nc6 15. e3 b5 16. Qc3 Qd6 17. Ng1 Nb4 18. a3 Na2+ 19. Kb2 Nxc3 20. Kxc3 Qxa3+
21. Kd2 b4 22. f5 exf5 23. h4 b3 24. Rb1 b2 25. Ne2 Qa1 26. Bh3 Qa5+ 27. Kd1 Rb8 28. f3 c5 29. Ng3 exf3 30. Bxf5 Bxf5
31. Nxf5 Rxf5
0-1

[Event "UNDER 1800 CHAMPIONSHIP"]
[Site "SchemingMind.com"]
[Date "2008.02.21"]
[Round "-"]
[White "s-man"]
[Black "dtedesco"]
[Result "0-1"]
[WhiteCountry "CAN"]
[BlackCountry "CAN"]
[WhiteElo "1301"]
[WhiteRD "115"]
[BlackElo "1336"]
[BlackRD "55"]
[GameID "142882"]

1. d4 d5 2. c3 Nf6 3. e3 Bf5 4. h3 Nc6 5. Qf3 e6 6. g4 Be4 7. Qd1 Bxh1 8. g5 Ne4 9. h4 Bd6 10. Nd2 Nxd2
11. Qxd2 Be4 12. f3 Bg6 13. f4 h6 14. Qh2 hxg5 15. Nf3 gxh4 16. b4 b5 17. Nxh4 Rxh4 18. Qg1 Qf6 19. Qf2 Be4 20. Bg2 Rh2
21. c4 Nxb4 22. Qg3 Nd3+ 23. Kf1 Rxg2 24. Qh3 O-O-O 25. a4 g6 26. c5 Rh8 27. Qxg2 Bxg2+ 28. Kxg2 Be7 29. Kf3 Rh3+ 30. Ke2 Qf5
31. axb5 Bh4 32. Rxa7 Qe4 33. Ra3 Nxc1+ 34. Kd2 Rh2+ 35. Kc3 Qd3+ 36. Kb4 Rb2+ 37. Ka4 Qc2+ 38. Ka5 c6
0-1

[Event "UNDER 1800 CHAMPIONSHIP"]
[Site "SchemingMind.com"]
[Date "2008.02.21"]
[Round "-"]
[White "lacus66"]
[Black "s-man"]
[Result "1-0"]
[WhiteCountry "HUN"]
[BlackCountry "CAN"]
[WhiteElo "1717"]
[WhiteRD "78"]
[BlackElo "1233"]
[BlackRD "90"]
[GameID "142883"]

1. d4 d5 2. e4 c6 3. e5 f6 4. Bf4 g5 5. Bg3 h5 6. h4 Nd7 7. hxg5 Nb6 8. Nf3 Nc4 9. Bxc4 dxc4 10. O-O c5
11. d5 Bg4 12. exf6 exf6 13. d6 Rh7 14. Re1+ Kd7 15. Qd5 Bg7 16. Qxb7+
1-0

[Event "UNDER 1800 CHAMPIONSHIP"]
[Site "SchemingMind.com"]
[Date "2008.02.21"]
[Round "-"]
[White "marble"]
[Black "s-man"]
[Result "1-0"]
[WhiteCountry "ENG"]
[BlackCountry "CAN"]
[WhiteElo "1634"]
[WhiteRD "55"]
[BlackElo "1233"]
[BlackRD "90"]
[GameID "142884"]

1. e4 e5 2. Nf3 d6 3. d4 c5 4. c3 c4 5. Bxc4 Be6 6. d5 Bd7 7. Qb3 a5 8. Qxb7 Qc8 9. Qxa8 Qxc4 10. Qxb8+ Ke7
11. Nbd2 Qc8 12. Qa7 g6 13. Qxa5 Qd8 14. Qa3 Bh6 15. Nxe5 Bg5 16. Ndc4 Bxc1 17. Nxd6 Kf6 18. Nxd7+ Qxd7 19. Rxc1 Qe7 20. O-O Nh6
21. c4 Ng4 22. Qf3+ Kg7 23. Qxg4 Qxd6 24. e5 Qxe5 25. Rfe1 Rb8 26. Rxe5
1-0

[Event "UNDER 1800 CHAMPIONSHIP"]
[Site "SchemingMind.com"]
[Date "2008.02.21"]
[Round "-"]
[White "mrbiggs"]
[Black "s-man"]
[Result "1-0"]
[WhiteCountry "USA"]
[BlackCountry "CAN"]
[WhiteElo "1594"]
[WhiteRD "73"]
[BlackElo "1301"]
[BlackRD "115"]
[GameID "142885"]

1. e4 e5 2. Bc4 d6 3. f4 c5 4. Nf3 Be6 5. Bxe6 fxe6 6. fxe5 Nc6 7. exd6 Qxd6 8. O-O Nf6 9. Re1 Ne5 10. Nc3 Nxf3+
11. Qxf3 h5 12. Kh1 h4 13. e5 Qe7 14. exf6 Qxf6 15. Qxb7 Rd8 16. Qc6+ Rd7 17. Rxe6+
1-0

[Event "UNDER 1800 CHAMPIONSHIP"]
[Site "SchemingMind.com"]
[Date "2008.02.21"]
[Round "-"]
[White "mmccaffe"]
[Black "s-man"]
[Result "1-0"]
[WhiteCountry "USA"]
[BlackCountry "CAN"]
[WhiteElo "1630"]
[WhiteRD "50"]
[BlackElo "1200"]
[BlackRD "87"]
[GameID "142886"]

1. e4 e5 2. Nf3 b6 3. d4 f6 4. Nxe5 fxe5 5. Qh5+ g6 6. Qxe5+ Qe7 7. Qxh8 Qf7 8. Qe5+ Qe7 9. Qxe7+ Kxe7 10. Nc3 c6
11. Bc4 d5 12. exd5 Nf6 13. Bg5 h6 14. d6+ Kxd6 15. Bxf6 Be7 16. Bxe7+ Kxe7 17. O-O-O b5 18. Rhe1+ Kd6 19. Bd3 Bg4 20. f3 Bf5
21. Bxf5 gxf5 22. d5 b4 23. dxc6+ Kxc6 24. Ne2 a5 25. Nd4+ Kb6 26. Nxf5 a4 27. Rd6+ Kc5 28. Re5+ Kc4 29. Rd4#
1-0

[Event "UNDER 1800 CHAMPIONSHIP"]
[Site "SchemingMind.com"]
[Date "2008.02.21"]
[Round "-"]
[White "Talis"]
[Black "s-man"]
[Result "1-0"]
[WhiteCountry "LTU"]
[BlackCountry "CAN"]
[WhiteElo "1987"]
[WhiteRD "109"]
[BlackElo "1233"]
[BlackRD "90"]
[GameID "142887"]

1. e4 e5 2. Nc3 d6 3. Bc4 Be6 4. Bxe6 fxe6 5. d4 exd4 6. Qxd4 e5 7. Qa4+ Qd7 8. Qb3 c5 9. Be3 Qc7 10. Nd5 Qa5+
11. Bd2 Qd8 12. Qxb7 Ne7 13. Qxa8 Nxd5 14. Qxd5 Qb6 15. Nf3 Qxb2 16. O-O h5 17. Rab1 Qxc2 18. Qe6+ Kd8 19. Ba5#
1-0

[Event "UNDER 1800 CHAMPIONSHIP"]
[Site "SchemingMind.com"]
[Date "2008.02.21"]
[Round "-"]
[White "justinina"]
[Black "s-man"]
[Result "1-0"]
[WhiteCountry "GER"]
[BlackCountry "CAN"]
[WhiteElo "1769"]
[WhiteRD "153"]
[BlackElo "1301"]
[BlackRD "115"]
[GameID "142888"]

1. e4 e5 2. f4 exf4 3. Nf3 f6 4. d4 c6 5. Bxf4 Bb4+ 6. Nc3 d6 7. Be2 Nh6 8. Bxh6 gxh6 9. Qd2 Rg8 10. O-O-O Rxg2
11. Rhg1 Rxg1 12. Rxg1 a5 13. Rg8+
1-0

[Event "UNDER 1800 CHAMPIONSHIP"]
[Site "SchemingMind.com"]
[Date "2008.02.21"]
[Round "-"]
[White "ScottChess"]
[Black "s-man"]
[Result "1-0"]
[WhiteCountry "USA"]
[BlackCountry "CAN"]
[WhiteElo "1639"]
[WhiteRD "122"]
[BlackElo "1301"]
[BlackRD "115"]
[GameID "142889"]

1. b4 d5 2. Bb2 f6 3. e3 b6 4. Bd3 c6 5. Qh5+ g6 6. Bxg6+ hxg6 7. Qxh8 Nh6 8. Nf3 Bf5 9. Nd4 Be4 10. f3 Bf5
11. Nxf5 gxf5 12. Qh7 d4 13. Qg6+ Nf7 14. Bxd4 c5 15. bxc5 f4 16. cxb6 axb6 17. Qe4 Nd7 18. exf4 Qc8 19. O-O Nd6 20. Qg6+ Nf7
21. Re1 Qc4 22. Bxf6 Nxf6 23. Qxf6 Rd8 24. Qc3 Qd4+ 25. Qxd4 Rxd4 26. Nc3 Rxd2 27. Ne4 e6 28. Nxd2 Bb4 29. Rxe6+ Kd7 30. Ree1 Bxd2
31. Red1
1-0

[Event "UNDER 1800 CHAMPIONSHIP"]
[Site "SchemingMind.com"]
[Date "2008.02.21"]
[Round "-"]
[White "dtedesco"]
[Black "s-man"]
[Result "1-0"]
[WhiteCountry "CAN"]
[BlackCountry "CAN"]
[WhiteElo "1336"]
[WhiteRD "55"]
[BlackElo "1301"]
[BlackRD "115"]
[GameID "142890"]

1. e4 e5 2. Nf3 Nc6 3. Bb5 a6 4. Bc4 b5 5. Bb3 Nd4 6. Nxd4 exd4 7. O-O g5 8. f3 a5 9. d3 Bg7 10. f4 Bh6
11. c3 Qf6 12. Na3 gxf4 13. Nxb5 Rb8 14. Nxd4 Qg6 15. Bxf4 Bxf4 16. Rxf4 c5 17. Bxf7+ Qxf7 18. Rxf7 Kxf7 19. Qf3+ Nf6 20. Rf1 Ke7
21. Qxf6+ Ke8 22. Qxh8+ Ke7 23. Qxh7+ Kd8 24. Rf8+ Kc7 25. c4 Rxb2 26. Ne6+ Kd6 27. Qf5 Rb1+ 28. Kf2 Rb2+ 29. Kf3 Bb7 30. Nxc5 Kc7
31. Qxd7+ Kb6 32. Nxb7 a4 33. Rb8 Ka7 34. Qc7 Ka6 35. Nc5#
1-0